Udržateľný marketing vybraných obchodných spoločností bakalárska práca

Uložené v:
Podrobná bibliografia
Hlavný autor: Feketeová, Diana
Korporativný autor: Obchodná fakulta EU. Katedra marketingu
Ďalší autori: Stanková, Monika, 1993-
Médium: Kniha
Jazyk:Slovak
Vydavateľské údaje: Bratislava 2020
Tagy: Pridať tag
Žiadne tagy, Buďte prvý, kto otaguje tento záznam!

MARC

LEADER 00000nbm a2200000 4500
001 0266567
005 20210615093416.3
041 0 |a slo 
044 |a SK 
245 1 0 |a Udržateľný marketing vybraných obchodných spoločností  |b bakalárska práca  |c Diana Feketeová ; školiteľ: Monika Stanková 
264 1 |a Bratislava  |c 2020 
300 |a 45 s. 
100 1 |a Feketeová, Diana 
700 1 |a Stanková, Monika, 1993- 
710 2 |a Obchodná fakulta EU. Katedra marketingu